<?xml version="1.0" encoding="UTF-8"?>
<collection xmlns="http://www.loc.gov/MARC21/slim">
 <record>
  <leader>06706cam a2201105   4500</leader>
  <controlfield tag="001">813384443</controlfield>
  <controlfield tag="003">DE-627</controlfield>
  <controlfield tag="005">20231017024723.0</controlfield>
  <controlfield tag="007">tu</controlfield>
  <controlfield tag="008">150105s2015    gw ||||| c    00| ||ger c</controlfield>
  <datafield tag="015" ind1=" " ind2=" ">
   <subfield code="a">15,N01</subfield>
   <subfield code="2">dnb</subfield>
  </datafield>
  <datafield tag="016" ind1="7" ind2=" ">
   <subfield code="a">1063374456</subfield>
   <subfield code="2">DE-101</subfield>
  </datafield>
  <datafield tag="020" ind1=" " ind2=" ">
   <subfield code="a">3795429773</subfield>
   <subfield code="c"> : Pb. : EUR 12.95 (DE)</subfield>
   <subfield code="9">3-7954-2977-3</subfield>
  </datafield>
  <datafield tag="020" ind1=" " ind2=" ">
   <subfield code="a">9783795429775</subfield>
   <subfield code="c">Pb. : ca. EUR 12.95 (DE), ca. EUR 13.40 (AT), ca. sfr 17.90 (freier Pr.)</subfield>
   <subfield code="9">978-3-7954-2977-5</subfield>
  </datafield>
  <datafield tag="024" ind1="3" ind2=" ">
   <subfield code="a">9783795429775</subfield>
  </datafield>
  <datafield tag="035" ind1=" " ind2=" ">
   <subfield code="a">(DE-627)813384443</subfield>
  </datafield>
  <datafield tag="035" ind1=" " ind2=" ">
   <subfield code="a">(DE-576)42737135X</subfield>
  </datafield>
  <datafield tag="035" ind1=" " ind2=" ">
   <subfield code="a">(DE-599)DNB1063374456</subfield>
  </datafield>
  <datafield tag="035" ind1=" " ind2=" ">
   <subfield code="a">(OCoLC)919475553</subfield>
  </datafield>
  <datafield tag="035" ind1=" " ind2=" ">
   <subfield code="a">(OCoLC)899146470</subfield>
  </datafield>
  <datafield tag="040" ind1=" " ind2=" ">
   <subfield code="a">DE-627</subfield>
   <subfield code="b">ger</subfield>
   <subfield code="c">DE-627</subfield>
   <subfield code="e">rakwb</subfield>
  </datafield>
  <datafield tag="041" ind1=" " ind2=" ">
   <subfield code="a">ger</subfield>
  </datafield>
  <datafield tag="044" ind1=" " ind2=" ">
   <subfield code="c">XA-DE-BY</subfield>
  </datafield>
  <datafield tag="050" ind1=" " ind2="0">
   <subfield code="a">N7628.L8</subfield>
  </datafield>
  <datafield tag="082" ind1="0" ind2=" ">
   <subfield code="a">900</subfield>
   <subfield code="q">LOC</subfield>
  </datafield>
  <datafield tag="082" ind1="0" ind2="4">
   <subfield code="a">750</subfield>
   <subfield code="a">740</subfield>
   <subfield code="q">DNB</subfield>
  </datafield>
  <datafield tag="082" ind1="0" ind2="4">
   <subfield code="a">900</subfield>
  </datafield>
  <datafield tag="084" ind1=" " ind2=" ">
   <subfield code="a">9,10</subfield>
   <subfield code="2">ssgn</subfield>
  </datafield>
  <datafield tag="084" ind1=" " ind2=" ">
   <subfield code="a">9,10</subfield>
   <subfield code="a">1</subfield>
   <subfield code="2">ssgn</subfield>
  </datafield>
  <datafield tag="084" ind1=" " ind2=" ">
   <subfield code="a">LH 70450</subfield>
   <subfield code="2">rvk</subfield>
   <subfield code="0">(DE-625)rvk/94828:</subfield>
  </datafield>
  <datafield tag="084" ind1=" " ind2=" ">
   <subfield code="a">LI 23940</subfield>
   <subfield code="2">rvk</subfield>
   <subfield code="0">(DE-625)rvk/95808:</subfield>
  </datafield>
  <datafield tag="084" ind1=" " ind2=" ">
   <subfield code="a">20.31</subfield>
   <subfield code="2">bkl</subfield>
  </datafield>
  <datafield tag="084" ind1=" " ind2=" ">
   <subfield code="a">21.02</subfield>
   <subfield code="2">bkl</subfield>
  </datafield>
  <datafield tag="084" ind1=" " ind2=" ">
   <subfield code="a">11.55</subfield>
   <subfield code="2">bkl</subfield>
  </datafield>
  <datafield tag="245" ind1="1" ind2="0">
   <subfield code="a">Cranach, Luther und die Bildnisse</subfield>
   <subfield code="b">Thüringer Themenjahr &quot;Bild und Botschaft&quot; ; Katalog zur Sonderausstellung auf der Wartburg, 2. April bis 19. Juli 2015</subfield>
   <subfield code="c">hrsg. von Günter Schuchardt [Wartburg-Stiftung.]</subfield>
  </datafield>
  <datafield tag="264" ind1=" " ind2="1">
   <subfield code="a">Regensburg</subfield>
   <subfield code="b">Schnell &amp; Steiner</subfield>
   <subfield code="c">2015</subfield>
  </datafield>
  <datafield tag="300" ind1=" " ind2=" ">
   <subfield code="a">207 Seiten</subfield>
   <subfield code="b">Illustrationen</subfield>
   <subfield code="c">24 cm</subfield>
  </datafield>
  <datafield tag="336" ind1=" " ind2=" ">
   <subfield code="a">Text</subfield>
   <subfield code="b">txt</subfield>
   <subfield code="2">rdacontent</subfield>
  </datafield>
  <datafield tag="336" ind1=" " ind2=" ">
   <subfield code="a">unbewegtes Bild</subfield>
   <subfield code="b">sti</subfield>
   <subfield code="2">rdacontent</subfield>
  </datafield>
  <datafield tag="337" ind1=" " ind2=" ">
   <subfield code="a">ohne Hilfsmittel zu benutzen</subfield>
   <subfield code="b">n</subfield>
   <subfield code="2">rdamedia</subfield>
  </datafield>
  <datafield tag="338" ind1=" " ind2=" ">
   <subfield code="a">Band</subfield>
   <subfield code="b">nc</subfield>
   <subfield code="2">rdacarrier</subfield>
  </datafield>
  <datafield tag="490" ind1="0" ind2=" ">
   <subfield code="a">Cranach in Thüringen 2015</subfield>
  </datafield>
  <datafield tag="500" ind1=" " ind2=" ">
   <subfield code="a">Betr.: Lucas Cranach der Ältere und der Jüngere. - Betr. auch: Hans Cranach</subfield>
  </datafield>
  <datafield tag="505" ind1="8" ind2="0">
   <subfield code="a">Einleitung -- Günter Schuchardt -- Cranach und Luther : Aspekte einer Partnerschaft -- Lucas Cranach d.Ä -- Martin Luther -- Protestantische Bildkunst -- Bilder für den alten Glauben? -- Cranach malt Luther -- Günter Schuchardt -- Privileg und Monopol : die Lutherporträts der Cranach=Werkstatt -- Erste individuelle Lutherporträts : die Kupferstiche des Jahres 1520 -- Das Porträt Luthers mit Doktorhut : der Kupferstich des Jahres 1521 -- Luther erscheint weltlich : druckgrafische und gemalte Bildnisse nach 1521 -- Hochzeitssund Ehebildnisse Luthers : die Jahre 1525 bis-1529 -- Hans Cranach? : &quot;Freundschaftsbilder&quot; Luthers und Melanchthons ab 1532 -- Lucas Cranach d.J. : der gealterte Luther, Bildnisse ab 1539 -- Die Totenbildnisse : Porträts des 1546 Verstorbenen -- Luthers Bildnisse im Leben und im Tod : eine Zusammenfassung -- Katalog : Teil 1 -- Grit Jacobs -- Widerhall und Kontinuität : Ein Blick auf die Lutherporträts vom späten 16. Jahrhundert bis zur Gegenwart -- Katalog : Teil2 -- Anhang.</subfield>
  </datafield>
  <datafield tag="583" ind1="1" ind2=" ">
   <subfield code="a">Archivierung/Langzeitarchivierung gewährleistet</subfield>
   <subfield code="f">SSG</subfield>
   <subfield code="2">pdager</subfield>
   <subfield code="5">DE-21</subfield>
  </datafield>
  <datafield tag="600" ind1="1" ind2="0">
   <subfield code="a">Luther, Martin</subfield>
   <subfield code="d">1483-1546</subfield>
   <subfield code="x">Portraits</subfield>
   <subfield code="v">Exhibitions</subfield>
  </datafield>
  <datafield tag="600" ind1="1" ind2="0">
   <subfield code="a">Cranach, Lucas</subfield>
   <subfield code="d">1515-1586</subfield>
   <subfield code="v">Exhibitions</subfield>
  </datafield>
  <datafield tag="600" ind1="1" ind2="0">
   <subfield code="a">Cranach, Lucas</subfield>
   <subfield code="d">1472-1553</subfield>
   <subfield code="v">Exhibitions</subfield>
  </datafield>
  <datafield tag="650" ind1=" " ind2="0">
   <subfield code="a">Portraits, German</subfield>
   <subfield code="v">Exhibitions</subfield>
  </datafield>
  <datafield tag="655" ind1=" " ind2="7">
   <subfield code="a">Ausstellungskatalog</subfield>
   <subfield code="y">2015</subfield>
   <subfield code="z">Eisenach</subfield>
   <subfield code="0">(DE-588)4135467-9</subfield>
   <subfield code="0">(DE-627)10566491X</subfield>
   <subfield code="0">(DE-576)209660988</subfield>
   <subfield code="2">gnd-content</subfield>
  </datafield>
  <datafield tag="689" ind1="0" ind2="0">
   <subfield code="d">p</subfield>
   <subfield code="0">(DE-588)118522582</subfield>
   <subfield code="0">(DE-627)144964473</subfield>
   <subfield code="0">(DE-576)208889485</subfield>
   <subfield code="a">Cranach, Lucas</subfield>
   <subfield code="c">der Ältere</subfield>
   <subfield code="d">1472-1553</subfield>
   <subfield code="2">gnd</subfield>
  </datafield>
  <datafield tag="689" ind1="0" ind2="1">
   <subfield code="d">p</subfield>
   <subfield code="0">(DE-588)118522590</subfield>
   <subfield code="0">(DE-627)145404439</subfield>
   <subfield code="0">(DE-576)208889493</subfield>
   <subfield code="a">Cranach, Lucas</subfield>
   <subfield code="c">der Jüngere</subfield>
   <subfield code="d">1515-1586</subfield>
   <subfield code="2">gnd</subfield>
  </datafield>
  <datafield tag="689" ind1="0" ind2="2">
   <subfield code="d">s</subfield>
   <subfield code="0">(DE-588)4145426-1</subfield>
   <subfield code="0">(DE-627)104297247</subfield>
   <subfield code="0">(DE-576)209741392</subfield>
   <subfield code="a">Bildnismalerei</subfield>
   <subfield code="2">gnd</subfield>
  </datafield>
  <datafield tag="689" ind1="0" ind2="3">
   <subfield code="d">p</subfield>
   <subfield code="0">(DE-588)118575449</subfield>
   <subfield code="0">(DE-627)133813363</subfield>
   <subfield code="0">(DE-576)162061560</subfield>
   <subfield code="a">Luther, Martin</subfield>
   <subfield code="d">1483-1546</subfield>
   <subfield code="2">gnd</subfield>
  </datafield>
  <datafield tag="689" ind1="0" ind2=" ">
   <subfield code="5">DE-101</subfield>
  </datafield>
  <datafield tag="689" ind1="1" ind2="0">
   <subfield code="d">p</subfield>
   <subfield code="0">(DE-588)118522582</subfield>
   <subfield code="0">(DE-627)144964473</subfield>
   <subfield code="0">(DE-576)208889485</subfield>
   <subfield code="a">Cranach, Lucas</subfield>
   <subfield code="c">der Ältere</subfield>
   <subfield code="d">1472-1553</subfield>
   <subfield code="2">gnd</subfield>
  </datafield>
  <datafield tag="689" ind1="1" ind2="1">
   <subfield code="d">p</subfield>
   <subfield code="0">(DE-588)118522590</subfield>
   <subfield code="0">(DE-627)145404439</subfield>
   <subfield code="0">(DE-576)208889493</subfield>
   <subfield code="a">Cranach, Lucas</subfield>
   <subfield code="c">der Jüngere</subfield>
   <subfield code="d">1515-1586</subfield>
   <subfield code="2">gnd</subfield>
  </datafield>
  <datafield tag="689" ind1="1" ind2="2">
   <subfield code="d">p</subfield>
   <subfield code="0">(DE-588)118575449</subfield>
   <subfield code="0">(DE-627)133813363</subfield>
   <subfield code="0">(DE-576)162061560</subfield>
   <subfield code="a">Luther, Martin</subfield>
   <subfield code="d">1483-1546</subfield>
   <subfield code="2">gnd</subfield>
  </datafield>
  <datafield tag="689" ind1="1" ind2="3">
   <subfield code="d">s</subfield>
   <subfield code="0">(DE-588)4145426-1</subfield>
   <subfield code="0">(DE-627)104297247</subfield>
   <subfield code="0">(DE-576)209741392</subfield>
   <subfield code="a">Bildnismalerei</subfield>
   <subfield code="2">gnd</subfield>
  </datafield>
  <datafield tag="689" ind1="1" ind2=" ">
   <subfield code="5">(DE-627)</subfield>
  </datafield>
  <datafield tag="689" ind1="2" ind2="0">
   <subfield code="d">p</subfield>
   <subfield code="0">(DE-588)118575449</subfield>
   <subfield code="0">(DE-627)133813363</subfield>
   <subfield code="0">(DE-576)162061560</subfield>
   <subfield code="a">Luther, Martin</subfield>
   <subfield code="d">1483-1546</subfield>
   <subfield code="2">gnd</subfield>
  </datafield>
  <datafield tag="689" ind1="2" ind2="1">
   <subfield code="d">s</subfield>
   <subfield code="0">(DE-588)4016397-0</subfield>
   <subfield code="0">(DE-627)104427175</subfield>
   <subfield code="0">(DE-576)208915818</subfield>
   <subfield code="a">Familie</subfield>
   <subfield code="2">gnd</subfield>
  </datafield>
  <datafield tag="689" ind1="2" ind2="2">
   <subfield code="d">s</subfield>
   <subfield code="0">(DE-588)4145419-4</subfield>
   <subfield code="0">(DE-627)105591114</subfield>
   <subfield code="0">(DE-576)20974135X</subfield>
   <subfield code="a">Bildliche Darstellung</subfield>
   <subfield code="2">gnd</subfield>
  </datafield>
  <datafield tag="689" ind1="2" ind2=" ">
   <subfield code="5">(DE-627)</subfield>
  </datafield>
  <datafield tag="689" ind1="3" ind2="0">
   <subfield code="d">p</subfield>
   <subfield code="0">(DE-588)11867045X</subfield>
   <subfield code="0">(DE-627)079454410</subfield>
   <subfield code="0">(DE-576)209265108</subfield>
   <subfield code="a">Cranach, Hans</subfield>
   <subfield code="d">1513-1537</subfield>
   <subfield code="2">gnd</subfield>
  </datafield>
  <datafield tag="689" ind1="3" ind2=" ">
   <subfield code="5">(DE-627)</subfield>
  </datafield>
  <datafield tag="700" ind1="1" ind2=" ">
   <subfield code="a">Schuchardt, Günter</subfield>
   <subfield code="d">1954-</subfield>
   <subfield code="e">Hrsg.</subfield>
   <subfield code="0">(DE-588)1056506482</subfield>
   <subfield code="0">(DE-627)794763103</subfield>
   <subfield code="0">(DE-576)41238597X</subfield>
   <subfield code="4">edt</subfield>
  </datafield>
  <datafield tag="700" ind1="1" ind2=" ">
   <subfield code="a">Luther, Martin</subfield>
   <subfield code="d">1483-1546</subfield>
   <subfield code="0">(DE-588)118575449</subfield>
   <subfield code="0">(DE-627)133813363</subfield>
   <subfield code="0">(DE-576)162061560</subfield>
   <subfield code="4">oth</subfield>
  </datafield>
  <datafield tag="700" ind1="1" ind2=" ">
   <subfield code="a">Cranach, Lucas</subfield>
   <subfield code="c">der Ältere</subfield>
   <subfield code="d">1472-1553</subfield>
   <subfield code="0">(DE-588)118522582</subfield>
   <subfield code="0">(DE-627)144964473</subfield>
   <subfield code="0">(DE-576)208889485</subfield>
   <subfield code="4">oth</subfield>
  </datafield>
  <datafield tag="710" ind1="2" ind2=" ">
   <subfield code="a">Wartburg-Stiftung</subfield>
   <subfield code="0">(DE-588)2070060-X</subfield>
   <subfield code="0">(DE-627)103720456</subfield>
   <subfield code="0">(DE-576)192145797</subfield>
   <subfield code="4">oth</subfield>
  </datafield>
  <datafield tag="787" ind1="0" ind2="8">
   <subfield code="i">Rezensiert in</subfield>
   <subfield code="a">Muhr, Barbara, 1988 - </subfield>
   <subfield code="t">[Rezension von: Günter Schuchardt (Hrsg.), Cranach, Luther und die Bildnisse]</subfield>
   <subfield code="d">Regensburg : Verlag Schnell &amp; Steiner GmbH, 2016</subfield>
   <subfield code="w">(DE-627)1688175539</subfield>
  </datafield>
  <datafield tag="856" ind1="4" ind2="2">
   <subfield code="u">https://swbplus.bsz-bw.de/bsz42737135Xkla.htm</subfield>
   <subfield code="m">B:DE-576;DE-21</subfield>
   <subfield code="q">application/pdf</subfield>
   <subfield code="v">20150601144345</subfield>
   <subfield code="x">Verlag</subfield>
   <subfield code="3">Klappentext</subfield>
  </datafield>
  <datafield tag="856" ind1="4" ind2="2">
   <subfield code="u">https://swbplus.bsz-bw.de/bsz42737135Xinh.htm</subfield>
   <subfield code="m">B:DE-576;DE-21</subfield>
   <subfield code="q">application/pdf</subfield>
   <subfield code="v">20150601144345</subfield>
   <subfield code="x">Verlag</subfield>
   <subfield code="3">Inhaltsverzeichnis</subfield>
  </datafield>
  <datafield tag="935" ind1=" " ind2=" ">
   <subfield code="a">SAXB</subfield>
  </datafield>
  <datafield tag="935" ind1=" " ind2=" ">
   <subfield code="i">Blocktest</subfield>
  </datafield>
  <datafield tag="936" ind1="r" ind2="v">
   <subfield code="a">LH 70450</subfield>
   <subfield code="b">Porträt</subfield>
   <subfield code="k">Allgemeines. Allgemeine Kunstgeschichte</subfield>
   <subfield code="k">Kunstgeschichte einzelner Gattungen der Kunst</subfield>
   <subfield code="k">Malerei</subfield>
   <subfield code="k">Gegenstände (Darstellungen nichtikonographischen Charakters)</subfield>
   <subfield code="k">Porträt</subfield>
   <subfield code="0">(DE-627)1271028514</subfield>
   <subfield code="0">(DE-625)rvk/94828:</subfield>
   <subfield code="0">(DE-576)201028514</subfield>
  </datafield>
  <datafield tag="936" ind1="r" ind2="v">
   <subfield code="a">LI 23940</subfield>
   <subfield code="b">Cranach-Familie</subfield>
   <subfield code="k">Künstler-Monografien</subfield>
   <subfield code="k">Alphabetische Künstlerliste</subfield>
   <subfield code="k">Künstler C</subfield>
   <subfield code="k">Cranach</subfield>
   <subfield code="k">Cranach-Familie</subfield>
   <subfield code="0">(DE-627)1271839725</subfield>
   <subfield code="0">(DE-625)rvk/95808:</subfield>
   <subfield code="0">(DE-576)201839725</subfield>
  </datafield>
  <datafield tag="936" ind1="b" ind2="k">
   <subfield code="a">20.31</subfield>
   <subfield code="j">Bildende Künstler</subfield>
   <subfield code="0">(DE-627)181571080</subfield>
  </datafield>
  <datafield tag="936" ind1="b" ind2="k">
   <subfield code="a">21.02</subfield>
   <subfield code="j">Geschichte der Malerei</subfield>
   <subfield code="0">(DE-627)106406698</subfield>
  </datafield>
  <datafield tag="936" ind1="b" ind2="k">
   <subfield code="a">11.55</subfield>
   <subfield code="j">Protestantismus</subfield>
   <subfield code="0">(DE-627)106403907</subfield>
  </datafield>
  <datafield tag="951" ind1=" " ind2=" ">
   <subfield code="a">BO</subfield>
  </datafield>
  <datafield tag="990" ind1=" " ind2=" ">
   <subfield code="a">Cranach, Lucas &lt;der Ältere&gt; </subfield>
  </datafield>
  <datafield tag="990" ind1=" " ind2=" ">
   <subfield code="a">Cranach, Lucas &lt;der Jüngere&gt; </subfield>
  </datafield>
  <datafield tag="990" ind1=" " ind2=" ">
   <subfield code="a">Bildnismalerei</subfield>
  </datafield>
  <datafield tag="990" ind1=" " ind2=" ">
   <subfield code="a">Luther, Martin</subfield>
  </datafield>
  <datafield tag="990" ind1=" " ind2=" ">
   <subfield code="a">Cranach, Lucas &lt;der Ältere&gt; </subfield>
  </datafield>
  <datafield tag="990" ind1=" " ind2=" ">
   <subfield code="a">Cranach, Lucas &lt;der Jüngere&gt; </subfield>
  </datafield>
  <datafield tag="990" ind1=" " ind2=" ">
   <subfield code="a">Luther, Martin</subfield>
  </datafield>
  <datafield tag="990" ind1=" " ind2=" ">
   <subfield code="a">Bildnismalerei</subfield>
  </datafield>
  <datafield tag="990" ind1=" " ind2=" ">
   <subfield code="a">Luther, Martin</subfield>
  </datafield>
  <datafield tag="990" ind1=" " ind2=" ">
   <subfield code="a">Familie</subfield>
  </datafield>
  <datafield tag="990" ind1=" " ind2=" ">
   <subfield code="a">Bildliche Darstellung</subfield>
  </datafield>
  <datafield tag="990" ind1=" " ind2=" ">
   <subfield code="a">Cranach, Hans</subfield>
  </datafield>
  <datafield tag="991" ind1=" " ind2=" ">
   <subfield code="a">Rezensiertes Werk</subfield>
  </datafield>
  <datafield tag="999" ind1=" " ind2=" ">
   <subfield code="a">KXP-PPN813384443</subfield>
   <subfield code="e">4113075107</subfield>
  </datafield>
 </record>
</collection>
